Polscy Medaliści Igrzysk Olimpijskich w XX Wieku - Statystyki

Ogólne statystyki
  • Ten quiz został rozwiązany 100 razy
  • Średni wynik to 151 z 480
Statystyki odpowiedzi
Wskazówka Odpowiedź % Poprawnych
1996 Atlanta | 2000 Sydney Robert Korzeniowski
90%
1972 Monachium | 1976 Montreal Grzegorz Lato
75%
1928 Amsterdam Halina Konopacka
75%
1968 Meksyk | 1972 Monachium | 1976 Montreal Irena Szewińska
75%
1972 Monachium | 1976 Montreal Kazimierz Deyna
75%
1980 Moskwa Władysław Kozakiewicz
70%
1972 Monachium Włodzimierz Lubański
70%
1976 Montreal Jan Tomaszewski
65%
1932 Los Angeles Janusz Kusociński
65%
1976 Montreal Andrzej Szarmach
60%
1972 Monachium | 1976 Montreal Jerzy Gorgoń
60%
1972 Monachium | 1976 Montreal Ryszard Szurkowski
60%
1976 Montreal Władysław Żmuda
60%
1992 Barcelona Wojciech Kowalczyk
60%
1988 Seul | 1996 Atlanta Andrzej Wroński
55%
1980 Moskwa Jan Kowalczyk
55%
1964 Tokio | 1968 Meksyk Jerzy Kulej
55%
2000 Sydney Kamila Skolimowska
55%
1968 Meksyk Lidia Żmuda
55%
1996 Atlanta Paweł Nastula
55%
1972 Monachium Robert Gadocha
55%
1932 Los Angeles | 1936 Berlin Stanisława Walasiewicz
55%
1972 Monachium | 1976 Montreal Stanisław Szozda
55%
2000 Sydney Szymon Ziółkowski
55%
1988 Seul | 1992 Barcelona Waldemar Legień
55%
1964 Tokio Andrzej Zieliński
50%
1976 Montreal | 1980 Moskwa Jacek Wszoła
50%
1972 Monachium | 1976 Montreal Janusz Gortat
50%
1980 Moskwa | 1988 Seul Janusz Pawłowski
50%
1956 Melbourne | 1960 Rzym | 1964 Tokio | 1968 Meksyk Jerzy Pawłowski
50%
1976 Montreal Jerzy Pietrzyk
50%
1964 Tokio | 1968 Meksyk Józef Grudzień
50%
1956 Melbourne | 1964 Tokio | 1968 Meksyk Marian Zieliński
50%
1976 Montreal | 1980 Moskwa Tadeusz Ślusarski
50%
1964 Tokio | 1968 Meksyk Waldemar Baszanowski
50%
1964 Tokio | 1968 Meksyk | 1972 Monachium Witold Woyda
50%
1972 Monachium Władysław Komar
50%
1960 Rzym Władysław Zieliński
50%
1976 Montreal Włodzimierz Zieliński
50%
1972 Sapporo Wojciech Fortuna
50%
1992 Barcelona Arkadiusz Skrzypaszek
45%
1976 Montreal | 1980 Moskwa Bronisław Malinowski
45%
1980 Moskwa Czesław Lang
45%
1964 Tokio Ewa Kłobukowska
45%
1956 Cortina d'Ampezzo Franciszek Gąsienica Groń
45%
1980 Moskwa Grzegorz Nowak
45%
1964 Tokio Halina Górecka
45%
1932 Los Angeles | 1936 Berlin Jadwiga Wajs
45%
1976 Montreal Janusz Pyciak-Peciak
45%
1956 Melbourne Janusz Sidło
45%
1924 Paryż Józef Lange
45%
1960 Rzym | 1964 Tokio Józef Szmidt
45%
1960 Rzym Kazimierz Paździor
45%
1972 Monachium Marek Dąbrowski
45%
1964 Tokio Mieczysław Nowak
45%
1960 Rzym Tadeusz Rut
45%
1956 Melbourne | 1960 Rzym | 1964 Tokio Wojciech Zabłocki
45%
1956 Melbourne | 1960 Rzym | 1964 Tokio Zbigniew Pietrzykowski
45%
1952 Helsinki Zygmunt Chychła
45%
1972 Monachium Zygmunt Smalcerz
45%
1948 Londyn | 1952 Helsinki Aleksy Antkiewicz
40%
1988 Seul Andrzej Gołota
40%
1992 Barcelona Andrzej Juskowiak
40%
1972 Monachium | 1976 Montreal Antoni Szymanowski
40%
1964 Tokio | 1968 Meksyk Egon Franke
40%
1960 Rzym | 1964 Tokio Ireneusz Paliński
40%
1972 Monachium Jan Szczepański
40%
1992 Barcelona Jerzy Brzęczek
40%
1972 Monachium Jerzy Kaczmarek
40%
1976 Montreal | 1980 Moskwa Jerzy Rybicki
40%
1968 Meksyk | 1972 Monachium Józef Zapędzki
40%
1960 Rzym Kazimierz Zimny
40%
1936 Berlin Maria Kwaśniewska
40%
1960 Rzym | 1964 Tokio Marian Kasprzyk
40%
1976 Montreal Mieczysław Nowicki
40%
1956 Melbourne Natalia Kot
40%
1980 Moskwa Paweł Skrzecz
40%
1976 Montreal Ryszard Bosek
40%
1964 Tokio Teresa Ciepły
40%
2000 Sydney Tomasz Kucharski
40%
1972 Monachium Zbigniew Kaczmarek
40%
1972 Monachium | 1976 Montreal Zygmunt Maszczyk
40%
1928 Amsterdam Aleksander Małecki
35%
1964 Tokio Andrzej Badeński
35%
1972 Monachium Andrzej Bek
35%
1972 Monachium Arkadiusz Godel
35%
1964 Tokio | 1968 Meksyk Artur Olech
35%
1972 Monachium Benedykt Kocot
35%
1960 Squaw Valley Elwira Seroczyńska
35%
1956 Melbourne | 1960 Rzym Elżbieta Krzesińska
35%
1924 Paryż Franciszek Szymczyk
35%
1960 Squaw Valley Helena Pilejczyk
35%
1976 Montreal Henryk Kasperczak
35%
1964 Tokio Irena Kirszenstein
35%
1988 Seul Janusz Olech
35%
1932 Los Angeles Jerzy Skolimowski
35%
1980 Moskwa Józef Lipień
35%
1972 Monachium | 1976 Montreal Kazimierz Kmiecik
35%
1972 Monachium | 1976 Montreal Kazimierz Lipień
35%
1976 Montreal | 1980 Moskwa Kazimierz Szczerba
35%
1972 Monachium | 1976 Montreal Lesław Ćmikiewicz
35%
2000 Sydney Leszek Blanik
35%
1992 Barcelona Piotr Świerczewski
35%
1992 Barcelona Rafał Szukała
35%
1964 Tokio | 1968 Meksyk Ryszard Parulski
35%
1996 Atlanta Ryszard Wolny
35%
1932 Los Angeles Stanisław Urban
35%
2000 Sydney Szymon Kołecki
35%
1976 Montreal Tadeusz Mytnik
35%
1924 Paryż Tomasz Stankiewicz
35%
1976 Montreal Tomasz Wójtowicz
35%
1972 Monachium Zbigniew Gut
35%
1960 Rzym Zdzisław Krzyszkowiak
35%
1972 Monachium Zygfryd Szołtysik
35%
1924 Paryż Adam Królikiewicz
30%
1928 Amsterdam | 1932 Los Angeles Adam Papee
30%
1956 Melbourne Adam Smelczyński
30%
2000 Sydney Agata Wróbel
30%
1980 Moskwa Agnieszka Czopek
30%
1972 Monachium Andrzej Jarosik
30%
1980 Moskwa Andrzej Lis
30%
1956 Melbourne | 1960 Rzym | 1964 Tokio Andrzej Piątkowski
30%
1976 Montreal Andrzej Szymczak
30%
1996 Atlanta Aneta Szczepańska
30%
1972 Monachium Antoni Zajkowski
30%
1992 Barcelona | 1996 Atlanta Artur Partyka
30%
1988 Seul Artur Wojdat
30%
1968 Meksyk Barbara Niemczyk
30%
1968 Meksyk Bohdan Andrzejewski
30%
1992 Barcelona | 2000 Sydney Dariusz Białkowski
30%
1992 Barcelona Dariusz Goździak
30%
1960 Rzym | 1964 Tokio Emil Ochyra
30%
1956 Melbourne Henryk Niedźwiedzki
30%
1976 Montreal Henryk Wieczorek
30%
1972 Monachium Hubert Kostka
30%
1972 Monachium Irena Szydłowska
30%
1924 Paryż Jan Łazarski
30%
1968 Meksyk Janusz Kierzkowski
30%
1976 Montreal Jan Werner
30%
1952 Helsinki Jerzy Jokiel
30%
1972 Monachium Jerzy Kraska
30%
1976 Montreal Jerzy Opara
30%
1972 Monachium Joachim Marx
30%
1988 Seul | 1992 Barcelona | 1996 Atlanta Józef Tracz
30%
1980 Moskwa Krzysztof Kosedowski
30%
1980 Moskwa Krzysztof Zwoliński
30%
1976 Montreal Lech Łasko
30%
1980 Moskwa Leszek Dunecki
30%
1976 Montreal Leszek Kosedowski
30%
1972 Monachium Lucjan Lis
30%
1980 Moskwa Lucyna Langer
30%
1992 Barcelona Maciej Czyżowicz
30%
1992 Barcelona Marcin Jałocha
30%
1992 Barcelona Marek Koźmiński
30%
1964 Tokio Marian Dudziak
30%
1964 Tokio Marian Foik
30%
1972 Monachium Marian Ostafiński
30%
1932 Los Angeles Marian Suski
30%
1972 Monachium Marian Szeja
30%
1976 Montreal Marian Tałaj
30%
1980 Moskwa Marian Woronin
30%
1976 Montreal Mirosław Rybaczewski
30%
1968 Meksyk | 1972 Monachium Norbert Ozimek
30%
1996 Atlanta Renata Mauer
30%
2000 Sydney Robert Sycz
30%
1936 Berlin Roger Verey
30%
1972 Monachium Ryszard Szymczak
30%
1956 Melbourne | 1960 Rzym | 1964 Tokio Ryszard Zub
30%
1960 Rzym Stefan Kapłaniak
30%
1976 Montreal | 1980 Moskwa Tadeusz Rutkowski
30%
1960 Rzym | 1964 Tokio Tadeusz Walasek
30%
1960 Rzym Teresa Wieczorek
30%
1992 Barcelona Waldemar Malak
30%
1976 Montreal Wiesław Gawlikowski
30%
1928 Amsterdam | 1932 Los Angeles Władysław Segda
30%
1976 Montreal Włodzimierz Stefański
30%
1972 Monachium Zygmunt Anczok
30%
2000 Sydney Adam Seroczyński
25%
1996 Atlanta Andrzej Cofalik
25%
1976 Montreal Andrzej Gronowicz
25%
1988 Seul Andrzej Sypytkowski
25%
2000 Sydney Aneta Pastuszka
25%
1960 Rzym Barbara Janiszewska
25%
1956 Melbourne Barbara Ślizowska
25%
2000 Sydney Beata Sokołowska
25%
1976 Montreal Bronisław Bebel
25%
1960 Rzym Celina Jesionowska
25%
1960 Rzym Daniela Walkowiak
25%
1956 Melbourne Danuta Stachow
25%
1956 Melbourne Dorota Horzonek
25%
1928 Amsterdam Edmund Jankowski
25%
1972 Monachium Edward Barcik
25%
1932 Los Angeles Edward Kobyliński
25%
1976 Montreal Edward Skorek
25%
1928 Amsterdam Franciszek Bronikowski
25%
1968 Meksyk Halina Aszkiełowicz
25%
1960 Rzym Halina Richter
25%
1956 Melbourne Helena Rakoczy
25%
1932 Los Angeles Henryk Budziński
25%
1988 Seul Henryk Petrich
25%
1968 Meksyk Henryk Trębicki
25%
1968 Meksyk Hubert Skrzypczak
25%
1996 Atlanta Iwona Dzięcioł
25%
1988 Seul | 1992 Barcelona Izabela Dylewska
25%
1964 Tokio Jadwiga Marko
25%
1960 Rzym Jan Bochenek
25%
1932 Los Angeles Jan Krenz-Mikołajczak
25%
1964 Tokio Janusz Różycki
25%
1932 Los Angeles Janusz Ślązak
25%
1988 Seul Janusz Zarenkiewicz
25%
1960 Rzym Jarosława Jóźwiakowska
25%
1960 Rzym Jerzy Adamski
25%
1932 Los Angeles Jerzy Braun
25%
1936 Berlin Jerzy Ustupski
25%
1928 Amsterdam Jerzy Zabielski
25%
1988 Seul Joachim Halupczok
25%
1964 Tokio Józef Grzesiak
25%
1928 Amsterdam Karol Rómmel
25%
2000 Sydney Krzysztof Kołomański
25%
1972 Monachium | 1980 Moskwa Lech Koziejowski
25%
1972 Monachium | 1976 Montreal Leszek Błażyński
25%
1960 Rzym Leszek Drogosz
25%
1956 Melbourne Lidia Szczerbińska
25%
1992 Barcelona Maciej Freimut
25%
1988 Seul Marek Dopierała
25%
1968 Meksyk Marek Gołąb
25%
1988 Seul Marek Łbik
25%
1980 Moskwa Marek Seweryn
25%
2000 Sydney Marek Witkowski
25%
1956 Melbourne | 1960 Rzym Marian Kuszewski
25%
1996 Atlanta Mateusz Kusznierewicz
25%
1992 Barcelona Michał Cieślak
25%
2000 Sydney Michał Staniszewski
25%
1928 Amsterdam Michał Woysym-Antoniewicz
25%
1976 Montreal Piotr Cieśla
25%
1996 Atlanta Piotr Markiewicz
25%
1972 Monachium Rafał Piszcz
25%
2000 Sydney Renata Mauer-Różańska
25%
1972 Monachium Ryszard Katus
25%
1976 Montreal Ryszard Podlas
25%
1988 Seul Sławomir Zawada
25%
1928 Amsterdam | 1932 Los Angeles Tadeusz Friedrich
25%
1960 Rzym Tadeusz Trojanowski
25%
1952 Helsinki | 1960 Rzym Teodor Kocerka
25%
1992 Barcelona Tomasz Wałdoch
25%
1976 Montreal Wiesław Gawłowski
25%
1932 Los Angeles Władysław Dobrowolski
25%
1936 Berlin Władysław Karaś
25%
1996 Atlanta Włodzimierz Zawadzki
25%
1992 Barcelona Wojciech Bartnik
25%
1992 Barcelona Wojciech Jankowski
25%
1992 Barcelona Wojciech Kurpiewski
25%
1964 Tokio | 1968 Meksyk Zbigniew Skrudlik
25%
1988 Seul Zenon Jaskuła
25%
1956 Melbourne Zygmunt Pawlas
25%
1992 Barcelona | 1996 Atlanta Adam Krzesiński
20%
1968 Meksyk Adam Lisewski
20%
1980 Moskwa Adam Sandurski
20%
1992 Barcelona Andrzej Kobylański
20%
1976 Montreal Andrzej Skrzydlewski
20%
1980 Moskwa Andrzej Supron
20%
2000 Sydney Anna Rybicka
20%
1992 Barcelona Arkadiusz Onyszko
20%
2000 Sydney Barbara Wolnicka
20%
1968 Meksyk Bohdan Gonsior
20%
1960 Rzym Brunon Bendig
20%
1992 Barcelona Cezary Siess
20%
1972 Monachium | 1976 Montreal Czesław Kwieciński
20%
2000 Sydney Daniel Jędraszko
20%
1992 Barcelona Dariusz Gęsior
20%
1992 Barcelona Dariusz Szubert
20%
1976 Montreal Grzegorz Cziura
20%
1992 Barcelona | 2000 Sydney Grzegorz Kotowicz
20%
1992 Barcelona Grzegorz Mielcarski
20%
1936 Berlin Henryk Leliwa-Roycewicz
20%
1968 Meksyk Henryk Nielaba
20%
1996 Atlanta Jacek Fafiński
20%
1968 Meksyk Jadwiga Marko-Książek
20%
1964 Tokio Jadwiga Rutkowska
20%
1988 Seul Jan Dydak
20%
1976 Montreal Janusz Brzozowski
20%
1976 Montreal Jerzy Greszkiewicz
20%
1996 Atlanta Joanna Nowicka
20%
1964 Tokio | 1968 Meksyk Józefa Ledwig
20%
1928 Amsterdam Józef Trenkwald
20%
1992 Barcelona Kajetan Broniewski
20%
1996 Atlanta Katarzyna Klata
20%
1980 Moskwa Kazimierz Adach
20%
1976 Montreal Kazimierz Czarnecki
20%
1928 Amsterdam Kazimierz Laskowski
20%
1964 Tokio | 1968 Meksyk Krystyna Krupa
20%
1992 Barcelona Krzysztof Siemion
20%
1932 Los Angeles Leszek Lubicz-Nycz
20%
1992 Barcelona Małgorzata Książkiewicz
20%
1992 Barcelona Marek Bajor
20%
1976 Montreal Marek Karbarz
20%
1988 Seul Marek Leśniewski
20%
1980 Moskwa | 1992 Barcelona Marian Sypniewski
20%
1964 Tokio Maria Śliwka
20%
1968 Meksyk Michał Butkiewicz
20%
1996 Atlanta Mirosław Rzepkowski
20%
1992 Barcelona Mirosław Waligóra
20%
2000 Sydney Paweł Baraszkiewicz
20%
1992 Barcelona | 1996 Atlanta Piotr Kiełpikowski
20%
1992 Barcelona Piotr Stępień
20%
1980 Moskwa Roman Bierła
20%
1992 Barcelona | 1996 Atlanta Ryszard Sobczak
20%
1968 Meksyk Stanisław Dragan
20%
2000 Sydney Sylwia Gruchała
20%
1980 Moskwa Tadeusz Dembończyk
20%
1992 Barcelona Tomasz Łapiński
20%
1964 Tokio Wiesław Maniak
20%
1972 Monachium Wiesław Rudkowski
20%
1980 Moskwa Władysław Stecyk
20%
1972 Monachium Władysław Szuszkiewicz
20%
1976 Montreal Włodzimierz Sadalski
20%
1976 Montreal Zbigniew Jaremski
20%
1976 Montreal Zbigniew Lubiejewski
20%
1976 Montreal Zbigniew Zarzycki
20%
1976 Montreal Zdzisław Antczak
20%
1980 Moskwa Zenon Licznerski
20%
1964 Tokio | 1968 Meksyk Zofia Szcześniewska
20%
1976 Montreal Zygfryd Kuchta
20%
1980 Moskwa Aleksander Cichoń
15%
1992 Barcelona Aleksander Kłak
15%
1988 Seul Andrzej Głąb
15%
1980 Moskwa Barbara Wysoczańska
15%
1928 Amsterdam Bernard Ormanowski
15%
1980 Moskwa Bogusław Zych
15%
1928 Amsterdam Bolesław Drewek
15%
1980 Moskwa Czesława Kościańska
15%
1964 Tokio Danuta Kordaczuk
15%
1992 Barcelona Dariusz Adamczuk
15%
1992 Barcelona Dariusz Koseła
15%
1968 Meksyk Elżbieta Porzec
15%
1980 Moskwa Janusz Bobik
15%
1996 Atlanta Jarosław Rodzewicz
15%
1976 Montreal Jerzy Klempel
15%
1968 Meksyk Kazimierz Barburski
15%
1928 Amsterdam Kazimierz Gzowski
15%
1928 Amsterdam Kazimierz Szosland
15%
1964 Tokio | 1968 Meksyk Krystyna Czajkowska
15%
1964 Tokio | 1968 Meksyk Krystyna Jakubowska
15%
1968 Meksyk Krystyna Ostromęcka
15%
1928 Amsterdam Leon Birkholz
15%
1980 Moskwa Leszek Swornowski
15%
1992 Barcelona Maciej Łasicki
15%
2000 Sydney Magdalena Mroczkiewicz
15%
1980 Moskwa Małgorzata Dłużewska
15%
1964 Tokio Maria Golimowska
15%
1980 Moskwa Marian Kozicki
15%
1976 Montreal Roman Ogaza
15%
1980 Moskwa Ryszard Kubiak
15%
1976 Montreal Ryszard Przybysz
15%
1992 Barcelona Ryszard Staniek
15%
1992 Barcelona Sergiusz Wołczaniecki
15%
1936 Berlin Seweryn Kulesza
15%
1992 Barcelona Tomasz Tomiak
15%
1992 Barcelona Tomasz Wieszczycki
15%
1980 Moskwa Urszula Kielan
15%
1968 Meksyk Wanda Wiecha
15%
1980 Moskwa Wiesław Hartman
15%
1976 Montreal Wojciech Rudy
15%
1936 Berlin Zdzisław Kawecki
15%
1980 Moskwa Adam Robak
10%
1980 Moskwa Adam Tomasiak
10%
1976 Montreal Alfred Kałuziński
10%
1976 Montreal Andrzej Sokołowski
10%
1980 Moskwa Grzegorz Stellak
10%
1976 Montreal Henryk Rozmiarek
10%
1976 Montreal Henryk Wawrowski
10%
1992 Barcelona Jacek Streich
10%
1976 Montreal Jan Benigier
10%
1980 Moskwa Jan Dołgowicz
10%
1976 Montreal Jan Gmyrek
10%
1976 Montreal Jerzy Melcer
10%
1980 Moskwa Ludomir Chronowski
10%
1980 Moskwa Mariusz Strzałka
10%
1976 Montreal Mieczysław Wojczak
10%
1980 Moskwa Piotr Jabłkowski
10%
1976 Montreal Piotr Mowlik
10%
1980 Moskwa Ryszard Stadniuk
10%
Nie znaleziono quizów pasujących do podanych kryteriów
Rozkład punktacji
Procent ludzi z każdym wynikiem
Percentyl według liczby udzielonych odpowiedzi
Twoja historia wyników
Nie rozwiązałeś tego quizu